| 000 | 00434nam a22001457a 4500 | ||
|---|---|---|---|
| 082 |
_a691 _bSAL |
||
| 100 |
_aJohn P.S Salmen, _945362 |
||
| 245 | _aThe 1995 Accessible Building Product Guide | ||
| 260 |
_aSimultaneously Canada _bJohn Wiley & Sons _c1976 |
||
| 300 |
_axii, 335. p : _bill. _c25cm |
||
| 526 |
_a0 _b0 _c0 _d691_000000000000000_SAL |
||
| 526 |
_a0 _b0 _c0 _d691_000000000000000_SAL |
||
| 650 |
_aMCE _9379 |
||
| 942 |
_2ddc _cBK |
||
| 999 |
_c548910 _d548910 |
||